| 000 | 01144nam a2200397 b 4500 | ||
|---|---|---|---|
| 001 | 0200418 | ||
| 003 | DO-SdBNP | ||
| 005 | 20210505131938.0 | ||
| 007 | 0200418 | ||
| 008 | 050210s2008 sp | ||| ||spa | ||
| 016 | 7 |
_a _2BPSMU |
|
| 017 |
_a _b |
||
| 020 | _a9788430605613 | ||
| 035 | _a | ||
| 040 |
_aBPMSU _bspa _cBPMSU _e |
||
| 041 | _h | ||
| 080 | 0 | _a | |
| 080 | 0 | _a | |
| 082 |
_a940.554 _bG618e, 2008 |
||
| 100 | 1 | _aGoldensohn, Leon | |
| 240 | 1 | 0 |
_aThe Nuremberg interviews _lEspañol |
| 245 | 1 | 4 |
_aLas entrevistas de Nuremberg / _h _cLeon Goldensohn ; edición e introducción de Robert Gellately |
| 250 | _a3a. ed. | ||
| 260 | 0 |
_aMadrid : _bTaurus, _c2008 |
|
| 300 |
_a590 p. : _bil. ; _c26 cm |
||
| 490 | _a | ||
| 500 | _aIncluye índice | ||
| 650 | 4 |
_a Juicio de Nuremberg _d1945-1946 _2 |
|
| 650 | 4 |
_aCriminales de Guerra _zAlemania _vEntrevistas |
|
| 650 | 4 |
_aGuerra Mundial _y1939-1945 _xAtrocidades |
|
| 700 | 1 | 2 |
_aGellately, Robert _d1943- _eed. |
| 700 | 1 | _a | |
| 910 | _aVMateo Validado. Control de calidad MFF | ||
| 942 |
_2ddc _cBK |
||
| 956 |
_aVMATEO _c10 _d20160824 _fBPMSU _h0069 |
||
| 999 |
_c11206 _d11206 |
||